00949nam a2200241 i 450000100060000000300090000600500170001500700030003200800410003508000330007610000190010924501610012826001160028930000220040549000440042760000610047170000370053270000230056970000180059270000320061083000440064285200210068652825ES-MaACL20250717013400.0t|030904s1931 fr ||||1| fre d a821.133.1 Zola, Émile 1.061 aDeffoux, Leon.13aLa publication de "l'Assommoir" / cLéon Deffoux ; avec des lettres inédites de Théodore de Banville, Catulle Mendès, Henry Céard et Paul Bourget. aParis : bSociété française d'éditions littéraires et techniques,c1931 (eAbbeville : fF. Paillart) a152 p. ; c19 cm.1 aLes grands événements littéraires14aZola, Émile,d1840-1902-xCrítica e interpretación1 aBanville, Théodore,d1823-18911 aMendès, Catulle.1 aCeard, Henry.1 aBourget, Paul (d1852-1935)1 aLes grands événements littéraires4 aES-MaACLjA-3027